Property buying Gen Y

Bibliographic Details
Main Author: Khalil Adis (Author)
Format: Book
Language:English
Published: Petaling Jaya, Selangor : MPH Group Publishing Sdn Bhd [2016]
Subjects:

MARC

LEADER 00000cam a2200000 7i4500
001 0000030058
005 20241202.0
008 220920 my o eng
020 |a 9789674153618 
040 |a INS   |b eng   |e rda 
090 0 0 |a HD1382.5   |b .K43 2016 
100 0 |a Khalil Adis ,   |e author 
245 1 0 |a Property buying Gen Y   |c Khalil Adis 
264 1 |a Petaling Jaya, Selangor :   |b MPH Group Publishing Sdn Bhd   |c [2016] 
264 4 |c ©2016 
300 |a ix, 144 pages :   |b colour photographs ;   |c 23 cm. 
336 |a text  |2 rdacontent 
337 |a unmediated  |2 rdamedia 
338 |a volume  |2 rdacarrier 
650 0 |a House buying 
650 0 |a Real estate investment 
650 0 |a Real property 
999 |a 1000004579   |b BOOK   |c Open Shelf   |e Default branch